| 000 | 00525nam a22001931a 4500 | ||
|---|---|---|---|
| 003 | NEGST | ||
| 005 | 20110718123457.0 | ||
| 008 | 030627s1995 001 0 eng d | ||
| 020 | _a0853646155 | ||
| 100 | 1 | _aDuthie, Alan S. | |
| 245 | 1 | 0 |
_aHow to choose your Bible wisely / _cAlan S. Duthie. |
| 250 | _a2d. ed. | ||
| 260 |
_aCarlisle, UK : _bPaternoster, _cc1995. |
||
| 300 | _a244 p. | ||
| 500 | _aIncludes bibliography and index. | ||
| 590 | _aAccession number: 22934 | ||
| 630 | 0 | 0 |
_aBible _xVersions. |
| 999 |
_c16893 _d16893 |
||